000 00566nam a2200193Ia 4500
008 191130s1979##################000#0#eng##
020 _a9780333194157
040 _aACL
_cACL
082 _a330.156 KEY
100 _aKeynes, John Maynard
245 _aActivities 1940-1943 : external war finance
_cJohn Maynard Keynes
260 _aCambridge
_bCambridge University Press
_c1979
300 _a378 p. : ill. ; 24 cm
650 _aWar Finance
700 _aMaggridge, Donald
990 _af540bba2ac10000c0c0b579762f2e3dd
991 _a425248
999 _c361569
_d361569